Statistics for Every Participant in the WWF/WWE Royal Rumble Match

Click here to take the quiz!

General Stats

  • This quiz has been taken 986 times
    (15 since last reset)
  • The average score is 156 of 402

Answer Stats

Superstar% Correct
Big Show
80%
Christian
80%
Chyna
80%
Edge
80%
Fake Diesel
80%
Isaac Yankem D.D.S.
80%
John Cena
80%
Kane
80%
Mark Henry
80%
Randy Orton
80%
Ted DiBiase
80%
Ted DiBiase Jr
80%
The Undertaker
80%
Andre the Giant
73%
Billy Gunn
73%
Cody Rhodes
73%
Matt Hardy
73%
Mo
73%
Sheamus
73%
Stardust
73%
Stone Cold Steve Austin
73%
Test
73%
The 1-2-3 Kid
73%
The Miz
73%
The Ringmaster
73%
Vince McMahon
73%
X-Pac
73%
A-Train
67%
Ax
67%
Big Daddy V
67%
Blackjack Bradshaw
67%
Booker T
67%
Bradshaw
67%
Braun Strowman
67%
Bray Wyatt
67%
Bret Hart
67%
Brock Lesnar
67%
Chris Benoit
67%
Chris Jericho
67%
Daniel Bryan
67%
Diesel
67%
Drew McIntyre
67%
Greg Valentine
67%
Hunter Hearst Helmsley
67%
Husky Harris
67%
JBL
67%
Jeff Hardy
67%
Jeff Jarrett
67%
Jesse James
67%
Kama Mustafa
67%
Kevin Nash
67%
King Booker
67%
Mabel
67%
Mr. Perfect
67%
Papa Shango
67%
Prince Albert
67%
Repo Man
67%
Rey Mysterio
67%
Road Dogg
67%
Road Warrior Animal
67%
Road Warrior Hawk
67%
Rocky Maivia
67%
Shane McMahon
67%
Shawn Michaels
67%
Smash
67%
Tensai
67%
The Godfather
67%
The Goodfather
67%
The Rock
67%
The Ultimate Warrior
67%
Triple H
67%
Viscera
67%
Bad News Barrett
60%
Bart Gunn
60%
Batista
60%
Big Boss Man
60%
Cactus Jack
60%
Crush
60%
Dolph Ziggler
60%
Dude Love
60%
Faarooq
60%
Haku
60%
Hornswoggle
60%
Hulk Hogan
60%
Jerry Lawler
60%
Kofi Kingston
60%
Luke Harper
60%
Mankind
60%
Mick Foley
60%
Nia Jax
60%
Owen Hart
60%
Randy Savage
60%
Razor Ramon
60%
Ric Flair
60%
Rick Rude
60%
The British Bulldog
60%
Val Venis
60%
Wade Barrett
60%
William Regal
60%
Yokozuna
60%
AJ Styles
53%
Akeem
53%
Beth Phoenix
53%
Big E
53%
Brutus Beefcake
53%
Bubba Ray Dudley
53%
Carlito
53%
Chainsaw Charlie
53%
Charlie Haas
53%
Chavo Guerrero
53%
Crash Holly
53%
Eddie Guerrero
53%
Erick Rowan
53%
Fatu
53%
Finn Balor
53%
Goldberg
53%
Hardcore Holly
53%
Jack Swagger
53%
Jake Roberts
53%
Jinder Mahal
53%
Kevin Owens
53%
K-Kwik
53%
Kurt Angle
53%
Lex Luger
53%
Michael Cole
53%
One Man Gang
53%
Rick Martel
53%
Rikishi
53%
Roman Reigns
53%
R-Truth
53%
Seth Rollins
53%
Shelton Benjamin
53%
Sid
53%
Tajiri
53%
Terry Funk
53%
The Junkyard Dog
53%
The Sultan
53%
The Texas Tornado
53%
Tommy Dreamer
53%
Tugboat
53%
Typhoon
53%
Vader
53%
Alberto Del Rio
47%
Bobby Lashley
47%
Cesaro
47%
CM Punk
47%
Curtis Axel
47%
Dean Ambrose
47%
Dusty Rhodes
47%
Earthquake
47%
Epico
47%
Gangrel
47%
Goldust
47%
Golga
47%
Gunther
47%
Heath Slater
47%
Irwin R. Schyster
47%
Jamal
47%
Jim Duggan
47%
Jimmy Snuka
47%
Justin Gabriel
47%
Ken Shamrock
47%
Maven
47%
Michael McGillicutty
47%
Omos
47%
Primo
47%
Rob Van Dam
47%
Sami Zayn
47%
Scotty 2 Hotty
47%
Sgt. Slaughter
47%
Shinsuke Nakamura
47%
Steve Blackman
47%
Tatanka
47%
Tazz
47%
The Great Khali
47%
The Honky Tonk Man
47%
Umaga
47%
Virgil
47%
Zack Ryder
47%
Al Snow
40%
David Otunga
40%
Diamond Dallas Page
40%
Evan Bourne
40%
Ezekiel Jackson
40%
Finlay
40%
Grand Master Sexay
40%
Harley Race
40%
Hercules
40%
Jey Uso
40%
Jimmy Uso
40%
Jim Neidhart
40%
John Morrison
40%
Johnny Nitro
40%
Rico
40%
Roddy Piper
40%
Samoa Joe
40%
Santino Marella
40%
Sparky Plugg
40%
Spike Dudley
40%
The Boogeyman
40%
The Sandman
40%
Tito Santana
40%
Adam Cole
33%
Ahmed Johnson
33%
Angelo Dawkins
33%
Arn Anderson
33%
Bam Bam Bigelow
33%
Big Cass
33%
Big John Studd
33%
Bob Backlund
33%
Bo Dallas
33%
Bushwhacker Butch
33%
Bushwhacker Luke
33%
Curt Hawkins
33%
Dino Bravo
33%
D'Lo Brown
33%
Dominik Mysterio
33%
Gregory Helms
33%
Headbanger Mosh
33%
Henry O. Godwinn
33%
Jamie Noble
33%
Karl Anderson
33%
Kharma
33%
King Kong Bundy
33%
Koko B. Ware
33%
Kwang
33%
Lance Storm
33%
Luke Gallows
33%
Marc Mero
33%
Marty Jannetty
33%
Mason Ryan
33%
Montez Ford
33%
Mr. Kennedy
33%
M.V.P.
33%
Otis
33%
Pat McAfee
33%
Paul London
33%
Perry Saturn
33%
Phineas I. Godwinn
33%
Rhyno
33%
Rick Steiner
33%
Ricochet
33%
Sabu
33%
Savio Vega
33%
Scott Steiner
33%
The Hurricane
33%
The Warlord
33%
Tyson Kidd
33%
Adam Bomb
27%
Austin Theory
27%
Baron Corbin
27%
Brian Kendrick
27%
Brian Knobbs
27%
Chris Masters
27%
Chuck Palumbo
27%
Damian Priest
27%
Damien Mizdow
27%
Damien Sandow
27%
Darren Young
27%
Doink the Clown
27%
Don Muraco
27%
Droz
27%
Elias
27%
Enzo Amore
27%
Hakushi
27%
Headbanger Thrasher
27%
Hillbilly Jim
27%
Hunico
27%
Jerry Sags
27%
Joey Mercury
27%
Johnny Gargano
27%
Jonathan Coachman
27%
Kalisto
27%
Nikolai Volkoff
27%
Raven
27%
Rick Boogs
27%
Robert Roode
27%
Rusev
27%
Ryback
27%
Sin Cara
27%
Sione
27%
The Barbarian
27%
The Blue Meanie
27%
The Red Rooster
27%
Tully Blanchard
27%
8-Ball
20%
Adam Rose
20%
Aiden English
20%
Andrade 'Cien' Almas
20%
Bad News Brown
20%
B. Brian Blair
20%
Bill DeMott
20%
Brodus Clay
20%
Carlos Colon
20%
Chad Gable
20%
Chainz
20%
Colonel Mustafa
20%
Daniel Puder
20%
Drew Carey
20%
El Torito
20%
Eugene
20%
Fandango
20%
Gillberg
20%
Ivar
20%
Jacob Blu
20%
Ludwig Kaiser
20%
Madcap Moss
20%
Mark Jindrak
20%
Max Moon
20%
Mike Knox
20%
Neville
20%
Nunzio
20%
Orlando Jordan
20%
Paul Roma
20%
Ronnie Garvin
20%
Rosey
20%
Samu
20%
Santos Escobar
20%
Skinner
20%
Super Crazy
20%
Titus O'Neil
20%
Trevor Murdoch
20%
Tyler Reks
20%
Yoshi Tatsu
20%
Aldo Montoya
13%
Aleister Black
13%
Apollo Crews
13%
B2
13%
Boris Zhukov
13%
Bron Breakker
13%
Bull Buchanan
13%
Butch Reed
13%
Danny Davis
13%
Dan Severn
13%
Dory Funk Jr
13%
Eli Blu
13%
Elijah Burke
13%
Ernest Miller
13%
Flash Funk
13%
Genichiro Tenryu
13%
Jim Brunzell
13%
Jimmy Del Ray
13%
JTG
13%
Keith Lee
13%
Kurrgan
13%
Logan Paul
13%
Luther Reigns
13%
Mantaur
13%
Matt Riddle
13%
Mojo Rawley
13%
Psicosis
13%
Ron Bass
13%
Saba Simba
13%
Sam Houston
13%
Shane Douglas
13%
Skull
13%
Tiger Ali Singh
13%
Timothy Well
13%
Tom Prichard
13%
Vladimir Kozlov
13%
Alex Riley
7%
Barry Horowitz
7%
Bronson Reed
7%
Christopher Nowinski
7%
Dick Murdoch
7%
Doug Gilbert
7%
Grayson Waller
7%
Jack Gallagher
7%
James Ellsworth
7%
Johnny Knoxville
7%
Karrion Kross
7%
Kenny Dykstra
7%
Kenzo Suzuki
7%
Kevin Thorn
7%
Matt Morgan
7%
Mil Mascaras
7%
Mustafa Ali
7%
No Way Jose
7%
Pete Dunne
7%
Rene Dupree
7%
Ricardo Rodriguez
7%
Ridge Holland
7%
Simon Dean
7%
Snitsky
7%
Steven Dunn
7%
Takao Omori
7%
The Berzerker
7%
The Great Kabuki
7%
Tyler Breeze
7%
Bad Bunny
0%
Cibernetico
0%
Damien Demento
0%
Duke Droese
0%
JD McDonagh
0%
Latin Lover
0%
Muhammed Hassan
0%
Pierroth
0%
Salvatore Sincere
0%
Squat Teamer #1
0%
Squat Teamer #2
0%
Sylvan
0%
Tye Dillinger
0%

Score Distribution

Percentile by Number Answered

Percent of People with Each Score

Your Score History

You have not taken this quiz since the last reset